Datum a čas kvízu
14
Celkem bodů
Celkový počet nahraných bodů na tomto kvízu bez doplňovacích otázek.
14.
Pořadí na kvízu
Konečné umístění týmu na tomto kvízu.
Zaznamenané odpovědi
| # | Otázka | Odpověď | Body | Výsledky |
|---|---|---|---|---|
| 1. | Jak se nazývá americká společn... | Westinghouse | 0 | |
| 2. | Na poslední chvíli se přihlási... | Igor Matovič | 0 | |
| 3. | Cenu Czech Press Photo za rok... | D) v budově soudu | 0 | |
| 4. | V pondělí byl slavnostně otevř... | v Otrokovicích | 0 | |
| 5. | Který sportovec, muž narozený... | Ladislav Krejčí | 1 | |
| 6. | Ve třetím díle cestovatelského... | z Janských Lázní | 0 | |
| 7. | Stále větší oblibě cestovatelů... | portugalština | 0 | |
| 8. | Ve kterém americkém městě může... | v Los Angeles | 0 | |
| 9. | S písmenem M se vracíme do Čes... | v Mníšku pod Brdy | 0 | |
| 10. | Ve kterém století byl vybudová... | v 19. století | 0 |